00708nam a2200193Ia 4500003000900000008004100009040001600050080001900066100003200085245007500117260007300192300001500265650002900280650003200309650003300341942000700374999001700381952011600398IN-BaIIA211028s9999 xx 000 0 eng d cIIA Library a[8]:01:00bGOP aGopalakrishnan, K. V926794 0aSome eminent Indian scientists and technologistscK. V. Gopalakrishnan aNew DelhibNational Council of Education Research and Trainingc2001 axii, 118p. aIndian scientists926795 aIndian technologists926796 aScientific revolution926797 cBK c14863d14863 00104070aBANbBANcGENd2002-12-12g32.00l0o92:5/ GOPp15785r2021-11-05v32.00w2002-12-12yBKGRs. 32.00